Umrel Štefan Hoza

Bibliographic Details
Format: Article
Language:Slovak
PhysicalDescription:Obr. 1.
Subjects:

MARC

LEADER 00000nab a2200000 a 4500
001 vtls000117306
003 SK-MaSNL
005 20260303023709.0
008 040806c1982 xo 0 slo
015 |a SNBRB19rr/mm-uuuuu 
035 |a CL0127411 
040 |a SNKBUCL  |b slo  |c SNKBUCL  |e AACR2 
041 0 |a slo 
044 |a xo  |c SK 
080 |a 78.071  |2 1981 
080 |a 929 Hoza, Štefan  |2 1981 
245 0 0 |a Umrel Štefan Hoza  |c M-G. 
300 |b Obr. 1. 
600 1 7 |a Hoza, Štefan,  |d 1906-1982  |2 snkbucl  |9 109682 
655 7 |a nekrológy  |2 snkbucl  |9 402542 
655 7 |a články z novín a časopisov  |2 snkbucl  |9 267496 
773 0 |t Večerník  |g Roč. 27, č. 68 (7. 4. 1982), s. 5 
850 |a Slovenská národná knižnica v Martine  |a MTA001 
852 |a SNK  |b KIS3GCP 
999 |c 1635935  |d 1637865